LEADER 01321nam0 22003253i 450 001 RAV0213410 005 20231121125638.0 100 $a20060216d1936 ||||0itac50 ba 101 | $aita 102 $ait 181 1$6z01$ai $bxxxe 182 1$6z01$an 200 1 $aOrazio e Virgilio$eun ventennio di vita spirituale nella Roma augustea (37-17 av. Cr.)$esaggio di storia e di letteratura$fCesare Bione 210 $aFirenze$cLa nuova Italia$dstampa 1936 215 $aVII, 288 p.$d20 cm. 225 | $aBiblioteca di cultura$v11 410 0$1001CFI0004275$12001 $aBiblioteca di cultura$v11 606 $aOrazio Flacco, Quinto$2FIR$3RMLC050707$9N 606 $aVirgilio Marone, Publio$2FIR$3RMLC002468$9E 676 $a871.01$9Poesia latina. Periodo romano, fino al 499 ca.$v22 700 1$aBione$b, Cesare$3RAVV079221$4070$0185766 801 3$aIT$bIT-01$c20060216 850 $aIT-RM0459 $aIT-FR0017 899 $aARCHIVIO DI STATO DI ROMA$bRM0459 899 $aBiblioteca umanistica Giorgio Aprea$bFR0017 $eN 912 $aRAV0213410 950 0$aBiblioteca umanistica Giorgio Aprea$d 52DLM C /D /1$e 52DUP0009047035 VMS RS $fA $h20201106$i20201106 977 $a 12$a 52 996 $aOrazio e Virgilio$91102312 997 $aUNICAS